Missing Word: Women in Song II Quiz Stats

 Plays Quiz Updated Feb 19, 2017

Support Sporcle.
Go Orange.
Score 0/18 Timer 02:00
0 Plays Today
Song Name % Correct
Romeo and _____Juliet
94.3%
_____ JeanBillie
93.1%
Breakfast at _____'sTiffany
91.4%
Good Golly Miss _____Molly
88%
Proud _____ Mary
86.7%
Mustang _____Sally
83.9%
____ RigbyEleanor
83.5%
_____ From the BlockJenny
72.5%
_____ SuePeggy
66.6%
Song Name % Correct
_____ MayMaggie
65.5%
Hello, ____!Dolly
60.1%
Oh, My Darling _____Clementine
52.3%
Meet _____Virginia
35.1%
_____'s ClownCathy
31%
Suite ____ Blue EyesJudy
30.8%
_____, Don't Take Your Love to TownRuby
28.2%
Why _____Georgia
17.4%
For ____, Whenever I May Find HerEmily
13.5%

Today's Daily Dose

Missing Word
FPS Games (A-Z)

Quick Pick
Cartoon Lions

Get the Picture
5, 6, 7, or 8 Movies

You're not logged in!

Compare scores with friends on all Sporcle quizzes.
OR
Log In
Forgot?

From the Vault

Mis-Matched Television Dramas

by stevenmiller61

Some quizzes just have a flair for the dramatic.
Remove Ads.
Support Sporcle.
Get the best of Sporcle when you Go Orange. This ad-free experience offers more features, more stats, and more fun while also helping to support Sporcle. Thank you for becoming a member.

Show Comments

Extras

Top Quizzes Today


Score Distribution

Your Account Isn't Verified!

In order to create a playlist on Sporcle, you need to verify the email address you used during registration. Go to your Sporcle Settings to finish the process.

Report this User

Report this user for behavior that violates our Community Guidelines.

Details: